| 000 | 00681nam a2200265Ia 4500 | ||
|---|---|---|---|
| 005 | 20260121165801.0 | ||
| 008 | 008 260114s9999 xx 000 0 eng d | ||
| 020 | _a9783642123153 | ||
| 037 | _aEBOOK | ||
| 040 | _aCRL | ||
| 040 | _beng | ||
| 040 | _cCRL | ||
| 041 | _2eng | ||
| 041 | _aeng | ||
| 084 | _qCRL | ||
| 100 |
_aRoland Kallenborn _91055989 |
||
| 245 | 0 | _aImplications and Consequences of Anthropogenic Pollution in Polar Environments | |
| 260 | _bSpringer | ||
| 260 | _bSpringer | ||
| 260 | _c2016 | ||
| 856 | _uhttps://link.springer.com/openurl?genre=book&isbn=978-3-642-12315-3 | ||
| 942 | _cEBOOK | ||
| 999 |
_c1621717 _d1621717 |
||